| 000 | 00771nam a22001695i 4500 | ||
|---|---|---|---|
| 001 | 171164 | ||
| 003 | ES-MaACL | ||
| 005 | 20230906214545.0 | ||
| 008 | 090430s1858 sp |||| | spa d | ||
| 100 | 1 |
_aGarcía, José María ( _dm. 1890) _9140006 |
|
| 245 | 1 | 3 |
_aEl vizconde de Letorieres _b: zarzuela en tres actos arreglada del francés / _cpor José María García ; música de Manuel Fernández Caballero. |
| 260 |
_aMadrid : _b[s.n.], _c1858 ( _fImp. de José Rodríguez) |
||
| 300 |
_a67 p. ; _c18 cm. |
||
| 500 | _aSolo la letra. | ||
| 700 | 1 |
_aFernández Caballero, Manuel. _949531 |
|
| 852 |
_aES-MaACL _jF-8588(10) _z.- Enc. pasta española _q- Falto de la cub. original _z- Enc. en un vol. facticio formando parte de la col. "Teatro español moderno", vol. 41 |
||
| 999 |
_c171164 _d171164 |
||